000 00969nam0a22002891 4500
001 RU\INFOCOMM_327\NLR\5000063219
005 20250613112556.0
035 _a(NLR Aleph) 009613874
090 _a9389365
_c9389365
100 _a20130318d1983 |||y0rusy50 ca
101 1 _aeng
_crus
102 _aRU
105 _ay z |||||
200 1 _aˆThe ‰world revolutionary process
_fA. Pavlenko
_g[Transl. from the Russ. by Yelena Chistyakova]
210 _aM.
_cProgress
_dˆCop.‰1983
215 _a174 с.
_d16 см
225 1 _aLibrary of political knowledge
_vB. 13
300 _aВ вып. дан.: Мировой революционный процесс / А. Павленко
620 _aМосква
686 _aА710
_2rubbk
700 1 _9z01790
_aPavlenko
_bA. A.
_gAnatolij Alekseevič
790 1 _9z01700
_aPavlenko
_bA.
_4070
801 1 _aRU
_bInfocomm
_c20130318
801 0 _aRU
_bINFOCOMM
_gPSBO
852 _aNLR
_jД01 Д-1/165
942 _cBOOK
980 _aNB